| 000 | 00000nam 2200000zi 4500 |
| 001 | 9.947247 |
| 003 | CaOODSP |
| 005 | 20250122114852 |
| 006 | m o d f |
| 007 | cr mn||||||||| |
| 008 | 250122t19931993onc or f001 0 eng d |
| 020 | |a0660151596 |q(print) |
| 040 | |aCaOODSP|beng|erda|cCaOODSP |
| 043 | |an-cn--- |
| 045 | |ax9x9 |
| 086 | 1 |aP38-4/1-1993E-PDF|zP38-4/1-1993E |
| 245 | 00|aGuide to federal programs and services, 1993. |
| 250 | |a13th edition. |
| 264 | 1|aOttawa, Canada : |bCanadian Communication Group, Publishing = Groupe communication Canada, Édition, |c1993. |
| 264 | 4|c©1993 |
| 300 | |a1 online resource (xii, 473 pages) |
| 336 | |atext|btxt|2rdacontent |
| 337 | |acomputer|bc|2rdamedia |
| 338 | |aonline resource|bcr|2rdacarrier |
| 500 | |aIncludes index. |
| 500 | |aSome blank pages have been omitted in this PDF copy. |
| 500 | |aDigitized edition from print [produced by Government of Canada Publications Directorate]. |
| 650 | 0|aAdministrative agencies|zCanada|vDirectories. |
| 650 | 0|aExecutive departments|zCanada|vDirectories. |
| 650 | 0|aGovernment corporations|zCanada|vDirectories. |
| 650 | 6|aAdministration publique|zCanada|vRépertoires. |
| 650 | 6|aMinistères|zCanada|vRépertoires. |
| 650 | 6|aSociétés d'État|zCanada|vRépertoires. |
| 651 | 0|aCanada|xPolitics and government|vDirectories. |
| 651 | 6|aCanada|xPolitique et gouvernement|vRépertoires. |
| 655 | 7|aDirectories|2lcgft |
| 655 | 7|aRépertoires|2rvmgf |
| 710 | 2 |aCanada Communication Group. |bPublishing, |eissuing body. |
| 856 | 40|qPDF|s34.50 MB|uhttps://publications.gc.ca/collections/collection_2025/spac-pspc/P38-4-1-1993-eng.pdf |